Rok 1968 a armáda na Slovensku - súvislosti a dôsledky

Bibliographic Details
Main Author: Púčik, Miloslav, 1961- (Author)
Format: Book
Language:Slovak
PhysicalDescription:117 s., [100] s. obr. príl. fotogr., mp. 21 cm
Published: Bratislava Ministerstvo obrany SR 1999
ISBN:8088842239
Subjects:

MARC

LEADER 00000nam a2200000 a 4500
001 vtls001164279
003 SK-MaSNL
005 20260301154109.0
008 240314s1999 xo aba r yy slo
015 |a SNBA2000/01-00321 
020 |a 8088842239 
035 |a SNK000107229 
035 |a urn:nbn:sk:snk-amk2ly 
035 |a urn:nbn:sk:snk-am005eh4 
035 |a CA6948F5-B8AA-4419-8AAE-4439DC850415 
040 |a SNK  |b slo  |c SNK  |e AACR2 
041 0 |a slo 
044 |a xo  |c SK 
080 |a 355/359(437.6)"1968"  |2 1981 
100 1 |a Púčik, Miloslav,  |d 1961-  |4 aut  |9 115396 
245 1 0 |a Rok 1968 a armáda na Slovensku - súvislosti a dôsledky  |c Miloslav Púčik 
260 |a Bratislava  |b Ministerstvo obrany SR  |c 1999 
300 |a 117 s., [100] s. obr. príl.  |b fotogr., mp.  |c 21 cm 
504 |a Bibliogr. s. 113-117. Pozn. 
610 1 7 |a Slovensko.  |b Armáda  |2 SNKKA  |9 116379 
611 1 7 |a 7  |9 516523 
648 7 |a 1968  |2 SNKPH  |9 297881 
655 7 |a príručky  |2 SNK  |9 74364 
919 |a 80-88842-23-9 
958 |a TL 
958 |a NB 
999 |c 795613  |d 797543 
952 |t P60, <03>, [BOOK], {603}  |a SNK  |b SNK  |y PREZ  |7 0  |p 17A0219170  |o snkSC 100164  |i snkKSP 11419/99  |0 0  |1 0  |4 0  |d 1999-11-23  |f 1  |l 0  |r 2025-09-19 00:00:00  |w 2026-02-24 
952 |t P60, <04>, [BOOK], {604}  |a SNK  |b SNK  |y VYP  |7 0  |p 17A0219171  |o snkSC 100164 D1  |i snkKSP 11420/99  |0 0  |1 0  |4 0  |d 1999-11-23  |l 0  |r 2005-01-01 00:00:00  |w 2026-02-24